Qué es la diferenciación celular? /

Guardado en:
Autor Principal: García, Roberto B.
Formato: Libro
Publicado: Estados Unidos de América : Secretar¡a General de la Organizaci¢n de los Estados American, 1983
Materias:
Etiquetas: Agregar Etiqueta
Sin Etiquetas, Sea el primero en etiquetar este registro!
LEADER 00800nam a22001935a 4500
001 CEM.cems002807
008 130507s1983##################000#0#####d
005 20240813092000.0
245 1 0 |a Qué es la diferenciación celular? /  |c Roberto B. García 
260 |a Estados Unidos de América :  |b Secretar¡a General de la Organizaci¢n de los Estados American,  |c 1983 
300 |a 128 p. 
505 0 |a Célula: energ¡a, divisi¢n celurar y reproducci¢n, ADN.-M£sculos: mec nica de la potencia.-Células nerviosas: impulsos nerviosos.-Células en estado de salud y enfermedad. 
100 1 |a García, Roberto B. 
082 0 4 |a 574.8 
653 |a Biologia 
653 |a Celula 
653 |a Celula-diferenciacion 
653 |a Sistema inmunologico 
859 |a CEMS  |b BIB. CEMS - Agricultura  |h 574.8  |i G165  |p A12866.84  |t Ej.1